Statistiques concernant Participants de Fallen Kingdoms (saison 1-10)

Cliquez ici pour prendre le quiz!

Statistiques générales

  • Ce quiz a été pris 116 fois
    (59 depuis la dernière actualisation)
  • Le résultat moyen est 14 sur 55

Statistiques - réponses

Première apparitionJoueur% Correct
Saison 1Siphano
98%
Saison 9Frigiel
89%
Saison 6 (Dieu)alexandrecalvez
84%
Saison 5aypierre
69%
Saison 2leozangdar
69%
Saison 1Superbrioche
62%
Saison 10TheGuill84
58%
Saison 7Magicknup
49%
Saison 1Xef199221
47%
Saison 10nemenems
42%
Saison 3SiphaGirl
42%
Saison 10FuzeIII
40%
Saison 10Guep
40%
Saison 4As2piK
38%
Saison 4Newtiteuf
38%
Saison 8 (Dieu)Aurelien_Sama
36%
Saison 10ninjaxxu
36%
Saison 2Rosgrim
31%
Saison 4ArmTheBitch
29%
Saison 5MrBboy45
29%
Saison 1dortos
27%
Saison 5SianaPanda
20%
Saison 10Niimbus_
18%
Saison 10kerobross
16%
Saison 5Saradine
16%
Saison 5TheMissAddict
16%
Saison 3Callme_pepper
13%
Saison 5ChooseAGame
13%
Saison 9Neutron_Stars
13%
Saison 10Orlox
13%
Saison 10Waza_
13%
Saison 10Damienh26
11%
Saison 10PlayFan
11%
Saison 3Poupunou
11%
Saison 10Yunekoo
11%
Saison 10Cryzopha
9%
Saison 10EpeeForte
9%
Saison 10InoRyth
9%
Saison 10LamaToutGri
9%
Saison 10LenKia
9%
Saison 10alexdu882
7%
Saison 10El_Ery
7%
Saison 3Freshdazzle
7%
Saison 9June_18
7%
Saison 9PiiCTURE
7%
Saison 10Rapho
7%
Saison 7ZeProf2Math
7%
Saison 10bigbublle1963
4%
Saison 10_Darkheaven_
4%
Saison 10PsykoFana
4%
Saison 10twicsael
4%
Saison 10Xraider70
4%
Saison 10Choukroute
2%
Saison 10Kzactv
2%
Saison 10Sdchachaze_
2%

Distribution des résultats

Percentile par nombre de réponses

% des personnes avec chaque résultat

Votre développement - résultats

Vous n’avez pas pris ce quiz depuis la dernière actualisation